| Tag |
First Indicator |
Second Indicator |
Subfields |
| LEADER |
00000cam a2200000 4500 |
| 001 |
in00003864607 |
| 005 |
20190415191050.0 |
| 006 |
m o d |
| 007 |
cr |n||||||||n |
| 008 |
951031s1770 enk|||| o 00||||eng c |
| 035 |
|
|
|a (CU-RivES)T226333
|
| 035 |
|
|
|a (Uk-ES)006320723
|
| 035 |
|
|
|a (OCoLC)510730569
|
| 040 |
|
|
|a Uk-ES
|c Uk-ES
|d CStRLIN
|d Cengage Gale
|d UtOrBLW
|
| 100 |
1 |
|
|a Alleine, Joseph,
|d 1634-1668.
|0 http://id.loc.gov/authorities/names/n83126866
|
| 245 |
1 |
2 |
|a A remedy of God's own providing for a sinner's guilty conscience.
|
| 264 |
|
1 |
|a [London?] :
|b [publisher not identified],
|c [1770?]
|
| 300 |
|
|
|a 1 online resource (8 pages)
|
| 336 |
|
|
|a text
|b txt
|2 rdacontent
|
| 337 |
|
|
|a computer
|b c
|2 rdamedia
|
| 338 |
|
|
|a online resource
|b cr
|2 rdacarrier
|
| 500 |
|
|
|a Anonymous. By Joseph Alleine.
|
| 500 |
|
|
|a Drop-head title.
|
| 509 |
|
|
|a O suggests date is around 1770
|
| 510 |
4 |
|
|a English Short Title Catalog,
|c T226333.
|
| 500 |
|
|
|a Reproduction of original from Bodleian Library (Oxford).
|
| 500 |
|
|
|a Electronic resource.
|
| 630 |
0 |
0 |
|a Bible.
|p Hebrews IX, 14
|v Commentaries
|v Early works to 1800.
|
| 655 |
|
7 |
|a Electronic books.
|2 local
|
| 710 |
2 |
|
|a Gale (Firm)
|0 http://id.loc.gov/authorities/names/no2008071348
|
| 752 |
|
|
|a Great Britain
|b England
|d London.
|
| 856 |
4 |
0 |
|u http://proxy.library.tamu.edu/login?url=http://find.galegroup.com/ecco/infomark.do?contentSet=ECCOArticles&docType=ECCOArticles&bookId=1523201000&type=getFullCitation&tabID=T001&prodId=ECCO&docLevel=TEXT_GRAPHICS&version=1.0&source=library&userGroupName=txshracd2898
|z Connect to the full text of this electronic book
|t 0
|
| 999 |
f |
f |
|s e01e0ed7-ea02-3ca4-9e3a-927a06a74895
|i b62d429a-ff93-3da9-84c2-23b023f88a83
|t 0
|
| 952 |
f |
f |
|a Texas A&M University
|b College Station
|c Electronic Resources
|d Available Online
|t 0
|h No information provided
|
| 998 |
f |
f |
|t 0
|l Available Online
|